Hỏi đáp kỹ thuật chăn nuôi thủy hải sản/
v.v...
Đã lưu trong:
| Tác giả chính: | |
|---|---|
| Định dạng: | Sách |
| Năm xuất bản: |
H.:
Văn hóa dân tộc,
2006.
|
| Chủ đề: | |
| Tags: |
Thêm thẻ
Không có thẻ, Hãy là người đầu tiên gắn thẻ bản ghi này!
|
| LEADER | 01191nam a2200193 4500 | ||
|---|---|---|---|
| 082 | |a 639.8076 |b TR120V | ||
| 100 | |a Trần Văn Lâm | ||
| 245 | |a Hỏi đáp kỹ thuật chăn nuôi thủy hải sản/ |c Trần Văn Lâm. | ||
| 260 | |a H.: |c 2006. |b Văn hóa dân tộc, | ||
| 300 | |c 19 cm. |a 154 tr.; | ||
| 520 | |a v.v... | ||
| 653 | |a Nuôi trồng thủy sản | ||
| 942 | |2 ddc |c STK0 | ||
| 999 | |c 6185 |d 6185 | ||
| 952 | |0 0 |1 0 |2 ddc |4 0 |6 639_807600000000000_TR120V |7 0 |8 600 |9 56477 |a qbu |b qbu |c D3 |d 2015-01-15 |g 16500 |o 639.8076 TR120V |p 6287.c1 |r 0000-00-00 |w 2015-01-15 |y STK0 | ||
| 952 | |0 0 |1 0 |2 ddc |4 0 |6 639_807600000000000_TR120V |7 0 |8 600 |9 56478 |a qbu |b qbu |c D3 |d 2015-01-15 |g 16500 |o 639.8076 TR120V |p 6287.c2 |r 0000-00-00 |w 2015-01-15 |y STK0 | ||
| 952 | |0 0 |1 0 |2 ddc |4 0 |6 639_807600000000000_TR120V |7 0 |8 600 |9 56479 |a qbu |b qbu |c D3 |d 2015-01-15 |g 16500 |o 639.8076 TR120V |p 6287.c3 |r 0000-00-00 |w 2015-01-15 |y STK0 | ||
| 952 | |0 0 |1 0 |2 ddc |4 0 |6 639_807600000000000_TR120V |7 0 |8 600 |9 56480 |a qbu |b qbu |c D3 |d 2015-01-15 |g 16500 |o 639.8076 TR120V |p 6287.c4 |r 0000-00-00 |w 2015-01-15 |y STK0 | ||
| 952 | |0 0 |1 0 |2 ddc |4 0 |6 639_807600000000000_TR120V |7 0 |8 600 |9 56481 |a qbu |b qbu |c D3 |d 2015-01-15 |g 16500 |o 639.8076 TR120V |p 6287.c5 |r 0000-00-00 |w 2015-01-15 |y STK0 | ||